000
00282nam a22001337a 4500
008
170715b xxu||||| |||| 00| 0 eng d
020
_a
394483308
041
_a
eng
080
_a
572
100
_a
24
101
_a
ANT
245
_a
IMAGES OF MAN
_c
MALEFIJT, A.W
942
_2
udc
_c
BK
999
_c
21127
_d
21127